Wisconsin Cities - Statistics

General Stats
  • This quiz has been taken 21 times
  • The average score is 51 of 190
Answer Stats
County(ies) Answer % Correct
Brown Green Bay
90%
Dane Madison
90%
MilwaukeeWashington Waukesha Milwaukee
90%
Racine Racine
85%
Waukesha Waukesha
85%
CalumetOutagamie Winnebago Appleton
80%
ChippewaEau Claire Eau Claire
80%
Kenosha Kenosha
80%
Fond du Lac Fond Du Lac
75%
La Crosse La Crosse
75%
Sheboygan Sheboygan
75%
Rock Janesville
70%
Rock Beloit
65%
Winnebago Oshkosh
65%
Manitowoc Manitowoc
60%
Dunn Menomonie
60%
Waukesha New Berlin
60%
Waukesha Oconomowoc
60%
Marathon Wausau
55%
Milwaukee Wauwatosa
55%
Milwaukee West Allis
55%
AshlandBayfield Ashland
50%
Waukesha Brookfield
50%
Chippewa Chippewa Falls
50%
St. Croix Hudson
50%
Grant Platteville
50%
PierceSt. Croix River Falls
50%
Dane Sun Prairie
50%
Wood Wisconsin Rapids
50%
Sauk Baraboo
45%
Jefferson Jefferson
45%
Dane Middleton
45%
La Crosse Onalaska
45%
Waukesha Pewaukee
45%
Columbia Portage
45%
Ozaukee Port Washington
45%
Portage Stevens Point
45%
Douglas Superior
45%
AdamsCoumbia Juneau Sauk Wisconsin Dells
45%
Bayfield Bayfield
40%
Ozaukee Cedarburg
40%
Milwaukee Franklin
40%
Green Lake Green Lake
40%
Marinette Marinette
40%
Ozaukee Mequon
40%
Green Monroe
40%
Winnebago Neenah
40%
Richland Richland Center
40%
DodgeJefferson Watertown
40%
Dodge Beaver Dam
35%
Brown De Pere
35%
Walworth Lake Geneva
35%
MarathonWood Marshfield
35%
Milwaukee Oak Creek
35%
Waupaca Waupaca
35%
JeffersonWalworth Whitewater
35%
Barron Barron
30%
Jackson Black River Falls
30%
Milwaukee Cudahy
30%
Iowa Dodgeville
30%
Dane Fitchburg
30%
Jefferson Fort Atkinson
30%
Oconto Oconto
30%
Oneida Rhinelander
30%
Barron Rice Lake
30%
Shawano Shawano
30%
Polk St. Croix Falls
30%
Door Sturgeon Bay
30%
Monroe Tomah
30%
Dane Verona
30%
Bayfield Washburn
30%
Adams Adams
25%
Kewaunee Algoma
25%
Eau Claire Altoona
25%
Chippewa Bloomer
25%
Milwaukee Greenfield
25%
DodgeWashington Hartford
25%
Sawyer Hayward
25%
Dodge Juneau
25%
Outagamie Kaukauna
25%
Grant Lancaster
25%
Columbia Lodi
25%
Waukesha Muskego
25%
St. Croix New Richmond
25%
Trempealeau Osseo
25%
Sauk Reedsburg
25%
Fond du Lac Ripon
25%
Milwaukee South Milwaukee
25%
Monroe Sparta
25%
ChippewaClark Stanley
25%
Manitowoc Two Rivers
25%
Vernon Viroqua
25%
DodgeFond Du Lac Waupun
25%
Langlade Antigo
20%
Green LakeWaushara Berlin
20%
RacineWalworth Burlington
20%
Barron Chetek
20%
Barron Cumberland
20%
Walworth Delavan
20%
Vilas Eagle River
20%
Milwaukee Glendale
20%
St. Croix Glenwood City
20%
Rusk Ladysmith
20%
Juneau Mauston
20%
CalumetWinnebago Menasha
20%
Wood Nekoosa
20%
Sheboygan Sheboygan Falls
20%
Washburn Shell Lake
20%
Washburn Spooner
20%
Dane Stoughton
20%
Washington West Bend
20%
ClarkMarathon Abbotsford
15%
Polk Amery
15%
Eau Claire Augusta
15%
Buffalo Buffalo City
15%
ColumbiaDodge Columbus
15%
GrantLafayette Cuba City
15%
Walworth Elkhorn
15%
Grant Fennimore
15%
Kewaunee Kewaunee
15%
Taylor Medford
15%
Lincoln Merrill
15%
Rock Milton
15%
Buffalo Mondovi
15%
Marathon Mosinee
15%
Clark Neillsville
15%
OutagamieWaupaca New London
15%
Price Park Falls
15%
Marinette Peshtigo
15%
Price Phillips
15%
Sheboygan Plymouth
15%
Crawford Prairie du Chien
15%
Pierce Prescott
15%
Lincoln Tomahawk
15%
Vernon Westby
15%
Trempealeau Arcadia
10%
Waupaca Clintonville
10%
ClarkMarathon Colby
10%
Chippewa Cornell
10%
Waukesha Delafield
10%
Pepin Durand
10%
DaneRock Edgerton
10%
Juneau Elroy
10%
Buffalo Fountain City
10%
Trempealeau Galesville
10%
Iron Hurley
10%
Trempealeau Independence
10%
CalumetManitowoc Kiel
10%
Dodge Mayville
10%
Iowa Mineral Point
10%
Marquette Montello
10%
Calumet New Holstein
10%
Oconto Oconto Falls
10%
Winnebago Omro
10%
Wood Pittsville
10%
Outagamie Seymour
10%
Milwaukee St. Francis
10%
Clark Thorp
10%
Jefferson Waterloo
10%
Waushara Wautoma
10%
Waupaca Weyauwega
10%
Trempealeau Whitehall
10%
Buffalo Alma
5%
Trempealeau Blair
5%
Grant Boscobel
5%
Calumet Brillion
5%
GreenRock Brodhead
5%
Calumet Chilton
5%
Forest Crandon
5%
Rock Evansville
5%
Dodge Fox Lake
5%
Clark Greenwood
5%
Vernon Hillsboro
5%
Dodge Horicon
5%
Jefferson Lake Mills
5%
Clark Loyal
5%
Waupaca Manawa
5%
Green Lake Markesan
5%
Dane Monona
5%
Juneau New Lisbon
5%
Marinette Niagara
5%
Clark Owen
5%
Green Lake Princeton
5%
Lafayette Shullsburg
5%
Lafayette Darlington
0%
Oconto Gillett
0%
ShawanoWaupaca Marion
0%
Ashland Mellen
0%
Iron Montreal
0%
Marathon Scholfield
0%
No matching quizzes found
Score Distribution
Percent of People with Each Score
Percentile by Number Answered
Your Score History
You have not taken this quiz